<?xml version="1.0" encoding="UTF-8"?><?xml-stylesheet type="text/xsl" href="static/style.xsl"?><OAI-PMH xmlns="http://www.openarchives.org/OAI/2.0/" xmlns:xsi="http://www.w3.org/2001/XMLSchema-instance" xsi:schemaLocation="http://www.openarchives.org/OAI/2.0/ http://www.openarchives.org/OAI/2.0/OAI-PMH.xsd"><responseDate>2026-04-13T01:08:48Z</responseDate><request verb="GetRecord" identifier="oai:www.recercat.cat:10256/10621" metadataPrefix="marc">https://recercat.cat/oai/request</request><GetRecord><record><header><identifier>oai:recercat.cat:10256/10621</identifier><datestamp>2024-06-18T12:10:23Z</datestamp><setSpec>com_2072_452955</setSpec><setSpec>com_2072_2054</setSpec><setSpec>col_2072_452961</setSpec></header><metadata><record xmlns="http://www.loc.gov/MARC21/slim" xmlns:dcterms="http://purl.org/dc/terms/" xmlns:xsi="http://www.w3.org/2001/XMLSchema-instance" xmlns:doc="http://www.lyncode.com/xoai" xsi:schemaLocation="http://www.loc.gov/MARC21/slim http://www.loc.gov/standards/marcxml/schema/MARC21slim.xsd">
   <leader>00925njm 22002777a 4500</leader>
   <datafield ind2=" " ind1=" " tag="042">
      <subfield code="a">dc</subfield>
   </datafield>
   <datafield ind2=" " ind1=" " tag="720">
      <subfield code="a">López Ros, Víctor</subfield>
      <subfield code="e">author</subfield>
   </datafield>
   <datafield ind2=" " ind1=" " tag="260">
      <subfield code="c">2005</subfield>
   </datafield>
   <datafield ind2=" " ind1=" " tag="520">
      <subfield code="a">From the areas of motor learning and the teaching of Physical Education we promote coherent methodological orientations&#xd;
with the present curricular guide that are focused in such a way so that the student is able to act independently. In this&#xd;
sense we may consider the problem situations as a good example for methodological proposals. So as to determine its use&#xd;
and adequateness for Physical Education it is conveniente to analyse the characteristics of the motor tasks that are&#xd;
proposed as well as the features of the teaching intervention in such a way as to ease the adquisition and development of&#xd;
the motor competence of the students</subfield>
   </datafield>
   <datafield ind2=" " ind1=" " tag="520">
      <subfield code="a">Tanto desde los ámbitos del aprendizaje motor como desde la didáctica de la educación física se promueven orientaciones metodológicas coherentes con las actuales directrices curriculares que van encaminadas a que el alumno o alumna sea capaz de actuar motrizmente de forma autónoma. En este sentido, podemos considerar las situaciones problema como un buen ejemplo de propuesta metodológica. Para determinar su uso y adecuación a la educación física es conveniente analizar las características de las tareas motrices que se proponen, así como los rasgos de la intervención docente, de tal forma que se facilite la adquisición y el desarrollo de la competencia motriz de los alumnos y alumnas</subfield>
   </datafield>
   <datafield ind1="8" ind2=" " tag="024">
      <subfield code="a">http://hdl.handle.net/10256/10621</subfield>
   </datafield>
   <datafield tag="653" ind2=" " ind1=" ">
      <subfield code="a">Educació física</subfield>
   </datafield>
   <datafield tag="653" ind2=" " ind1=" ">
      <subfield code="a">Physical education and training</subfield>
   </datafield>
   <datafield tag="653" ind2=" " ind1=" ">
      <subfield code="a">Aprenentatge motor</subfield>
   </datafield>
   <datafield tag="653" ind2=" " ind1=" ">
      <subfield code="a">Motor learning</subfield>
   </datafield>
   <datafield ind2="0" ind1="0" tag="245">
      <subfield code="a">'Situaciones problema' y desarrollo de la competencia motriz en educación física escolar: cuestiones didácticas = Problem situations and developing motor competence in Physical Education at school: didactic questions</subfield>
   </datafield>
</record></metadata></record></GetRecord></OAI-PMH>